|
|
|
|
| LEADER |
00000cam a2200000 a 4500 |
| 001 |
TI-490 |
| 005 |
20230308191813.0 |
| 008 |
994000|1994 ||||||||r|||||||||||spa|| |
| 040 |
|
|
|b spa
|
| 041 |
1 |
|
|a spa
|
| 245 |
|
|
|a Evaluación del sistema de agua potable de la parroquia San Joaquín
|c John Cobo Luzuriaga y Gabriel García Palacios. Director Galo Ordóñez y Edgar Orellana Arévalo
|h dact
|
| 264 |
|
|
|a Cuenca
|c 1994
|
| 300 |
|
|
|a 155 páginas:
|b ilu
|c 30 cm
|e Contiene un anexo de planos
|
| 502 |
|
|
|a Ingeniero Civil
|b Universidad de Cuenca
|c ing
|d Ordóñez Espinosa, Galo, dir.
|e INGENIERIA CIVIL
|
| 504 |
|
|
|a incl. ref.
|
| 520 |
3 |
|
|a Teniendo en cuenta las generalidades se procedió a la encuesta sanitarias poblacional, y a la medición de aforos para ver si el caudal es suficiente para cubrir la demanda futura. Luego se ha procedido a la evaluación física e hidraúlica de las distintas unidades para obtener sus rendimientos también tenemos análisis físico-químico y bacteriológico para ver la calidad del agua en las distintas etapas. También se explica la forma de operar y mantener la planta con sus respectivas sugerencias y conclusiones.
|
| 650 |
|
0 |
|a Abastecimiento de agua
|9 34520
|
| 650 |
|
0 |
|a Agua potable
|9 12604
|
| 650 |
|
0 |
|a Hidrología
|9 19624
|
| 650 |
|
|
|a Tesis en ingenieria civil
|9 947
|
| 700 |
1 |
|
|a Cobo Luzuriaga, John
|9 131482
|
| 700 |
1 |
|
|a García Palacios, Gabriel
|9 131483
|
| 852 |
|
|
|a UC-CDJBV
|c CUARTO PISO (SECCION TESIS)
|f Donación
|k lucia.mora
|l 1
|m Limitada
|p 19940000
|q 1.00
|t TI-490
|b 1
|d CDRC
|e CDRC
|g CUARTO PISO (SECCION TESIS)
|z 1994-40-00
|
| 942 |
|
|
|c TS
|
| 999 |
|
|
|c 77433
|d 77433
|